Szczegóły MARC21

Rachunkowość w przedsiębiorstwie : zadania i rozwiązania /

003 -Nazwa inst., której nr kontr. jest w polu 001 [,]
    • @
    • Nazwa instytucji, której n kontrolny jest w polu 001
    • NUKAT
005 -DATA I CZAS OSTATNIEJ MODYFIKACJI [,]
    • @
    • pole kontrolne
    • 20241231094706.0
020 -Międzynarod. znormalizowany nr książki - ISBN [ , ]
    • a
    • Numer ISBN
    • 8385809155 Find
040 -Instytucja sporządzająca opis [ , ]
    • a
    • Instytucja, która sporządziła opis (NP)
    • WA U/93SD
    • c
    • Instytucja, która sporządziła rekord (NP)
    • WA U/SD
942 -Rodzaj dokumentu [ , ]
    • c
    • Rodzaj dokumentu
    • Książka
100 -Hasło główne - nazwa osobowa [1, ]
    • a
    • Nazwa osobowa (NP)
    • Waśniewski, Tadeusz
    • d
    • Daty biograficzne (NP)
    • (1928-2003).
    • 9
    • KHW
    • 16802
245 -Strefa tytułu i oznaczenia odpowiedzialności [1,0]
    • a
    • Tytuł
    • Rachunkowość w przedsiębiorstwie : Find
    • b
    • Ciąg dalszy tytułu (NP)
    • zadania i rozwiązania / Find
    • c
    • Pozostałe elementy strefy tytułu i oznaczenia odpowiedzialności (NP)
    • Tadeusz Waśniewski, Waldemar Gos.
260 -Strefa adresu wydawniczego [ , ]
    • a
    • Miejsce wydania (P)
    • Szczecin :
    • b
    • Nazwa wydawcy (P)
    • Zachodniopomorska Szkoła Businessu,
    • c
    • Data wydania (P)
    • 1996.
300 -Strefa opisu fizycznego [ , ]
    • a
    • Określenie formy książki i/lub objętość (NP)
    • VIII, 122 s. :
    • b
    • Oznaczenie ilustracji (NP)
    • il. ;
    • c
    • Format (NP)
    • 21 cm.
336 -Typ zawartości [ , ]
    • a
    • Termin opisujący typ zawartości
    • Tekst
    • b
    • Kod określający zawartość
    • txt
    • 2
    • Źródło (terminu i kodu)
    • rdacontent
337 -Typ mediów [ , ]
    • a
    • Tryb odtwarzania
    • Bez urządzenia pośredniczącego
    • b
    • Kod typu mediów
    • n
    • 2
    • Źródło (terminu i kodu)
    • rdamedia
338 -Typ/rodzaj nośnika [ , ]
    • a
    • Hasło opisujące typ nośnika
    • Wolumin
    • b
    • Kod typu nośnika
    • nc
    • 2
    • Źródło (terminu i kodu)
    • rdacarrier
080 -Uniwersalna Klasyfikacja Dziesiętna [ , ]
    • a
    • Symbol klasyfikacji
    • 658.14/.17
    • 9
    • UKD
    • 5620
    • 2
    • Identyfikator wydania tablic
    • UDC-P058
    • b
    • Dopowiedzenie
    • Zagadnienia finansowe przedsiębiorstwa. Rozrachunek gospodarczy. Fundusz zakładowy.
080 -Uniwersalna Klasyfikacja Dziesiętna [ , ]
    • a
    • Symbol klasyfikacji
    • :657(076)
980 -Symbol UKD [ , ]
    • a
    • UKD
    • 658.14/.17:657(076)
700 -Hasło dodatkowe - nazwa osobowa [1, ]
    • a
    • Nazwa osobowa (NP)
    • Gos, Waldemar Find
    • d
    • Daty biograficzne (NP)
    • (1964- ).
    • 9
    • KHW
    • 15013
710 -Hasło dodatkowe - nazwa ciała zbiorowego [2, ]
    • a
    • Nazwa ciała zbiorowego lub nazwa geograficzna jako pierwszy element (NP)
    • Zachodniopomorska Szkoła Businessu (Kołobrzeg).
    • 4
    • Kod relacji
    • pbl
    • 9
    • KHW
    • 539377
920 -ISBN [ , ]
    • a
    • ISBN
    • 83-85809-15-5 Find
Status udost. Numer inwentarzowy Lokalizacja Data inwentaryzacji
-6S.83342BE1999-03-10
-3S.83341BE1999-03-10
-2E.63873BE1996-10-09
2S.79436BE1996-10-09
2S.79437BE1996-10-09
2S.79438BE1996-10-09
2S.79439BE1996-10-09
2S.79440BE1996-10-09
2S.79441BE1996-10-09
2S.79442BE1996-10-09
2S.79443BE1996-10-09
2S.79444BE1996-10-09
2S.79445BE1996-10-09
2S.79447BE1996-10-09
2S.79448BE1996-10-09
2S.79449BE1996-10-09
2S.79450BE1996-10-09
-3TS.79446T1996-10-09